000 00425nam a22001697a 4500
003 CEME
005 20210628202210.0
008 210113b xxu||||| |||| 00| 0 eng d
020 _a9780415441935
040 _c.
082 _a621.3 KUM
100 _aKumar,P
_958723
245 _aHydraulic machines fundamentals of hydraulic power systems
260 _aINDIA
_bCRC PRESS
_c2012
300 _aXIX, 361P
942 _cBK
_2ddc
999 _c568852
_d568852